000
00314nam a2200133Ia 4500
008
190216s9999||||xx |||||||||||||| ||und||
100
_a
Varadachara. Ps And Thyagarajan P
245
0
_a
Light- Ancilliary Physics Vol 2
250
_a
1st Ed.
260
_b
Null
300
_a
418
650
_a
Physics
942
_c
BK
999
_c
32802
_d
32802